The real positive definite completation problem: cycle completability

Uloženo v:
Podrobná bibliografie
Hlavní autoři: Barrett, Wayne W (Autor), Johnson, Charlles R (Autor), Loewy, Raphael (Autor)
Médium: Kniha
Jazyk:angličtina
Vydáno: Providence American Mathematical Society 1996
Edice:Memoirs of the American Mathematical Society, 584
Témata:
Tagy: Přidat tag
Žádné tagy, Buďte první, kdo vytvoří štítek k tomuto záznamu!

MARC

LEADER 00000nam a2200000 a 4500
001 UCT0842
003 CL-VaPUC
008 960906e19960000US |||||||||||||||||eng|d
082 0 4 |a 511.5  |b BAR  |2 21 
100 0 |a Barrett, Wayne W  |e author  |9 369386 
700 0 |a Johnson, Charlles R  |e author  |9 369387 
700 0 |a Loewy, Raphael  |e author  |9 369388 
245 1 4 |a The real positive definite completation problem: cycle completability 
300 |a 69 p 
942 |c BK 
945 |d 19960906 00:00:00  |a rleighto 
260 |a Providence  |b American Mathematical Society  |c 1996 
650 0 |a Matemática  |9 260235 
650 7 |a TEORIA DE GRAFICOS  |2 CL-VaPUC  |9 265993 
650 0 |a Matrices   |9 22 
650 7 |a TEOREMAS  |2 CL-VaPUC  |9 350068 
583 |a last modification  |c 19960906 00:00:00  |k Rodrigo Vera 
490 0 |a Memoirs of the American Mathematical Society, 584 
999 |c 251541  |d 251539 
952 |0 0  |1 0  |4 0  |6 511_500000000000000_BAR_1996  |7 0  |8 A  |9 270773  |a BIBMAT  |b BIBMAT  |d 2019-11-19  |i 322791K  |o 511.5 BAR 1996  |p 322791K  |r 2025-01-07  |w 2019-11-19  |y BK  |k MAT